01344 a2200181 45000010006000000050017000060080041000230030015000640400040000790800064001192450066001830200018002492640032002673000024002995050813003230410008011361000018011442914220260407155600.0260407a1985 arg spa dAR-UNSa-BCEJYS aAR-UNSa-BCEJYSbspacAR-UNSa-BCEJYS a657-051xProfesional en Ciencias Económicas (Contador...)10aLa profesión contablepejercicio, antecedentes, marco legal a950-0109-30-4 1aBuenos Aires :bTesisc1985 axvi, 190 p.c22 cm. a1. Evolución de las ideas e instituciones - 2. Asociaciones creadas por la ley y entidades de afiliación voluntaria - 3. Evolución de la profesión de Ciencias Económicas - 4. Reglamentos que rigen la profesión de Ciencias Económicas - 5. Filosofía Ética y Moral - 6. Cultura y Educación - 7. Polìtica y Universidad - 8. Ciencia y conocimiento - 9. Planes de estudio - 10. Institutos técnicos que rigen la profesión - 11. Federaciones de entidades de Ciencias Económicas - 12. Organismos Profesionales de tercer grado - 13.Asambleas Nacionales de graduados en Ciencias Económicas organizados por los colegios - 14. Convenciones Nacionales de Consejos Profesionales de Ciencias Económicas - 15. Asociación Interamericana de Contabilidad - 16. Congresos Mundiales de Contadores aspa1 aChirom, Jaime